| 000 | 00560nam a2200193 a 4500 | ||
|---|---|---|---|
| 005 | 20140310183134.0 | ||
| 008 | 020821s19uu xx 00 eng d | ||
| 020 | _a007016987x | ||
| 050 |
_aTS 155 _b.D545 1993 |
||
| 100 | _aDilworth, James B. | ||
| 245 |
_aProduction and operation management manufacturing and services / _cJames B. Dilworth. |
||
| 250 | _a5th ed. | ||
| 260 |
_aU.S.A : _bMcGraw-Hill Inc., _c1993. |
||
| 300 |
_a742 p. : _bill. ; _c26 cm. |
||
| 521 | _aBSBA | ||
| 650 | _aProduction management | ||
| 942 |
_cBK _2lcc _kFOR |
||
| 999 |
_c19244 _d19244 |
||